Library Banner

Psychoanalytic psychotherapy (Record no. 80950)

MARC details
000 -LEADER
fixed length control field 00527nam a2200181Ia 4500
001 - CONTROL NUMBER
control field 70131
008 - FIXED-LENGTH DATA ELEMENTS--GENERAL INFORMATION
fixed length control field 151222s9999||||xx |||||||||||||| ||und||
020 ## - INTERNATIONAL STANDARD BOOK NUMBER
International Standard Book Number 0876302614
040 ## - CATALOGING SOURCE
Transcribing agency PK-LaUMT
082 ## - DEWEY DECIMAL CLASSIFICATION NUMBER
Classification number 616.8917
Item number PAO-P
100 ## - MAIN ENTRY--PERSONAL NAME
Personal name Paolino, Thomas J.
245 ## - TITLE STATEMENT
Title Psychoanalytic psychotherapy
Remainder of title theory, technique, therapeutic relationship and treatability
Statement of responsibility, etc Paolino, Thomas J.
260 ## - PUBLICATION, DISTRIBUTION, ETC. (IMPRINT)
Place of publication, distribution, etc New York,USA:
Name of publisher, distributor, etc Brunner/Mazel Publishers,
Date of publication, distribution, etc 1981
300 ## - PHYSICAL DESCRIPTION
Extent 246 p.
546 ## - LANGUAGE NOTE
Language note EN
650 ## - SUBJECT ADDED ENTRY--TOPICAL TERM
Topical term or geographic name as entry element Psychotherapy
942 ## - ADDED ENTRY ELEMENTS (KOHA)
Koha item type Books
Holdings
Withdrawn status Lost status Damaged status Not for loan Home library Current library Date acquired Total Checkouts Full call number Barcode Date last seen Price effective from Koha item type
        UMT Main Campus UMT Main Campus 2015-12-22   616.8917 PAO-P 93700 2015-12-22 2015-12-22 Books